| 000 | 01381nam a22004930a 4500 | ||
|---|---|---|---|
| 001 | PT54598 | ||
| 003 | AR-LpoUNG | ||
| 005 | 20210516203437.0 | ||
| 008 | 191001s2013||||sp |||||||||||||||||spa d | ||
| 040 |
_aAR-LpoUNG _bspa _cAR-LpoUNG _eaacr |
||
| 041 | _aspa | ||
| 044 | _asp | ||
| 082 | 0 | _a334.01 678tie | |
| 111 | 2 | _aCongreso de Agrupación de Sociedades Laborales de Euskadi, 3, Bilbao, 10 de febrero y 15 de marzo de 2012 | |
| 245 | 1 | 0 |
_aTiempo de crisis, tiempo de oportunidades : _bla sociedad laboral del siglo XXI |
| 250 | _a1° ed. | ||
| 260 |
_aBilbao : _bAgrupación de Sociedades Laborales de Euskadi, _c2013. |
||
| 300 |
_a189 p. : _bfot. |
||
| 650 | 4 | _aASPECTOS SOCIALES | |
| 650 | 4 | _aCAPITALISMO | |
| 650 | 4 | _aCRISIS SOCIAL | |
| 650 | 4 | _aDOCTRINAS ECONOMICAS | |
| 650 | 4 | _aECONOMIA | |
| 650 | 4 | _aECONOMIA COLECTIVA | |
| 650 | 4 | _aEMPRESAS | |
| 650 | 4 | _aESPAÑA | |
| 650 | 4 | _aESTADO | |
| 650 | 4 | _aEUROPA | |
| 650 | 4 | _aRECESION ECONOMICA | |
| 650 | 4 | _aSOCIEDAD | |
| 650 | 4 | _aTRABAJADORES | |
| 650 | 4 | _aVALORES SOCIALES | |
| 651 | 4 | _aMundial | |
| 653 | _aASLE | ||
| 653 | _aECONOMIA SOCIAL | ||
| 653 | _aECONOMIA SOLIDARIA | ||
| 653 | _aEUSKADI | ||
| 653 | _aMAES | ||
| 653 | _aSOCIEDADES LABORALES | ||
| 700 | 1 |
_aPujana, Carlos _epres. |
|
| 710 | 2 | _aSociedades Laborales de Euskadi | |
| 905 | _a54598 | ||
| 942 | _cLIB | ||
| 999 |
_c57877 _d57877 |
||